03771nab a2200325 i 4500003000900000005001700009008004100026040001800067072001400085072000800099100003300107100002000140100002700160100002800187100002700215100002700242245006500269500006700334520127800401520136001679650002103039650001003060650001803070650002203088650002403110773019803134856007803332942001603410999001903426BR-BrBNA20240404103443.0240404b2020 bl.ar|pooa||| 00| 0 eng | aBR-BrBNAbeng aF61b2320 aF04 aDalazen, Jéssica Rodrigues aGontijo, Ivoney aPaye, Henrique de Sá aValani, Gustavo Pereira aTomaz, Marcelo Antonio aPartelli, Fábio Luiz aMacronutrient dynamics in leaves and bunches of black pepper a Publicação on-line; 35 ref.; 5 illus.; Summaries (En, Pt) a Abstract ‒ The objective of this work was to determine the macronutrient dynamics in leaves and bunches of black pepper (Piper nigrum) throughout the plant reproductive cycles. The experiment was carried out in a commercial field of 'Bragantina' black pepper. Leaves and bunches were sampled every 21 days for one year, during two crop cycles. The bunches were sampled from the twenty eighth day after the appearance of inflorescences until the complete fruit maturation. Samples of leaves and bunches were dried, and the contents of N, P, K, Ca, Mg, and S were determined. N, K, and Ca were the most common macronutrients found in the bunches and leaves of black pepper. The accumulation of dry matter in the bunches was similar for both cycles and it was adjusted to the linear and quadratic models. The accumulation and content of macronutrients followed the dry matter behavior trend. Macronutrient contents in leaves oscillate during the year, and K and Mg vary more than N, P, Ca, and S. The macronutrient contents in black pepper leaves and bunches depends on the plant vegetative stage, and this variation should be considered in the planning of the fertilization management. Index terms: Piper nigrum, Bragantina cultivar, fertilization, reproductive cycle. a Resumo – O objetivo deste trabalho foi determinar a dinâmica de macronutrientes em folhas e cachos de pimenta-do-reino (Piper nigrum), ao longo dos ciclos reprodutivos da planta. O experimento foi realizado em uma lavoura comercial de pimenta-do-reino 'Bragantina'. Folhas e cachos foram amostrados a cada 21 dias, por um ano, durante dois ciclos de cultivo. Os cachos foram amostrados desde o vigésimo oitavo dia após o lançamento das inflorescências até a maturação completa dos frutos. As amostras de folhas e cachos foram secas, e os conteúdos de N, P, K, Ca, Mg e S foram determinados. N, K e Ca foram os macronutrientes mais comuns nos cachos e nas folhas de pimenta-do-reino. O acúmulo de matéria seca nos cachos de pimenta-do-reino foi similar nos dois ciclos e foi ajustado aos modelos linear e quadrático. O acúmulo e o conteúdo de macronutrientes seguiram a tendência de comportamento da matéria seca. O conteúdo de macronutrientes nas folhas oscila durante o ano, e K e Mg variam mais do que N, P, Ca e S. O conteúdo de macronutrientes em folhas e cachos de pimenta-do-reino depende do estádio vegetativo da planta, e essa variação deve ser considerada no planejamento do manejo de adubação. Termos para indexação: Piper nigrum, cultivar Bragantina, fertilização, ciclo reprodutivo. aPIMENTA DO REINO aFOLHA aMACROELEMENTO aCICLO REPRODUTIVO aFERTILIFADE DO SOLO0 0920925800dBrasília-DF Empresa Brasileira de Pesquisa Agropecuária - EMBRAPA 1966-o2023-436355tPesquisa Agropecuária Brasileira (Brazil)x0100-204Xgv. 55 p. 1-11; (2020)wBR2024000281 uhttps://www.scielo.br/j/pab/a/kK495GPqD7xGThxScRJbtwk/?format=pdf&lang=en cAnalítica c299058d299058